Recursos socioeducatius per als espais familiars de petita infancia / [aquest document ha estat elaborat per l'Àrea de Benestar Social de la Diputació de Barcelona i MARINVA, Joc i Educació]
ISBN:
8479299800
Descripción Física:
127 p. : il. (algunes col.) ; 22 x 31 cm
Otros Autores:
Marinva, Joc i Educació (Firma)
MARC
| LEADER | 00000nam a2200000Ia 4500 | ||
|---|---|---|---|
| 001 | 23625 | ||
| 008 | 160829s9999 xx 000 0 cat d | ||
| 020 | |a 8479299800 | ||
| 080 | |a Bib-4 | ||
| 245 | |a Recursos socioeducatius per als espais familiars de petita infancia / [aquest document ha estat elaborat per l'Àrea de Benestar Social de la Diputació de Barcelona i MARINVA, Joc i Educació] | ||
| 260 | |a [Barcelona] : |b Diputació de Barcelona. Àrea de Benestar Social, DL 2009 | ||
| 300 | |a 127 p. : |b il. (algunes col.) ; |c 22 x 31 cm | ||
| 590 | |a Inclou CD. | ||
| 590 | |a Relligat en espiral. | ||
| 590 | |a Bibliografia | ||
| 650 | |a Infants |x Desenvolupament |9 50356 | ||
| 650 | |a Cervell |x Estimulació |9 50357 | ||
| 700 | |a Marinva, Joc i Educació (Firma) |9 49725 | ||
| 710 | 1 | |a Barcelona (Catalunya : Província). |b Àrea de Benestar Social |9 52988 | |
| 901 | |a Arxiu | ||
| 942 | |n 1 | ||
| 952 | |0 0 |1 0 |4 0 |6 BIB4 |7 1 |9 55987 |a Arxiu |b Arxiu |d 2016-12-01 |l 0 |o Bib-4 |p 23625 |r 2016-12-01 00:00:00 |w 2016-12-01 |y ARXIU | ||
| 999 | |c 59860 |d 59860 | ||